UM Logo

Diesel engine operation and maintenance : (Record no. 19895)

MARC details
000 -LEADER
fixed length control field 00635nam a22001697a 4500
008 - FIXED-LENGTH DATA ELEMENTS--GENERAL INFORMATION
fixed length control field 240326b ||||| |||| 00| 0 eng d
020 ## - INTERNATIONAL STANDARD BOOK NUMBER
International Standard Book Number 9713008154
082 ## - DEWEY DECIMAL CLASSIFICATION NUMBER
Classification number DFil 621.43
Item number M29 1978
100 ## - MAIN ENTRY--PERSONAL NAME
Personal name Maleev, V.L.
9 (RLIN) 55517
245 ## - TITLE STATEMENT
Title Diesel engine operation and maintenance :
Remainder of title the construction, operation, maintenance, and repair of modern diesel engines /
Statement of responsibility, etc. V.L Maleev.
260 ## - PUBLICATION, DISTRIBUTION, ETC. (IMPRINT)
Place of publication, distribution, etc. Manila :
Name of publisher, distributor, etc. Merriam Webster Bookstore, Inc.,
Date of publication, distribution, etc. ©1978.
300 ## - PHYSICAL DESCRIPTION
Extent vii, 504 pages :
Other physical details illustrations ;
Dimensions 22 cm.
500 ## - GENERAL NOTE
General note Includes index.
650 ## - SUBJECT ADDED ENTRY--TOPICAL TERM
Topical term or geographic name as entry element Diesel motor.
9 (RLIN) 23047
650 ## - SUBJECT ADDED ENTRY--TOPICAL TERM
Topical term or geographic name as entry element Internal combustion engines.
9 (RLIN) 50321
942 ## - ADDED ENTRY ELEMENTS (KOHA)
Source of classification or shelving scheme Dewey Decimal Classification
Koha item type Filipiniana
Holdings
Withdrawn status Lost status Source of classification or shelving scheme Damaged status Not for loan Collection code Home library Current library Date acquired Source of acquisition Total Checkouts Full call number Barcode Date last seen Copy number Price effective from Koha item type
    Dewey Decimal Classification     Filipiniana UM Digos College - LIC UM Digos College - LIC 10/11/1999   DFil 621.43 M29 1978 13480 05/15/2025 1 03/26/2024 Filipiniana
    Dewey Decimal Classification     Filipiniana UM Digos College - LIC UM Digos College - LIC 10/11/1999     DFil 621.43 M29 1978 13482 05/15/2025 3 03/26/2024 Filipiniana
    Dewey Decimal Classification     Filipiniana UM Digos College - LIC UM Digos College - LIC 10/11/1999   DFil 621.43 M29 1978 13483 05/15/2025 4 03/26/2024 Filipiniana
    Dewey Decimal Classification     Filipiniana UM Digos College - LIC UM Digos College - LIC 10/11/1999     DFil 621.43 M29 1978 13484 05/15/2025 5 03/26/2024 Filipiniana
    Dewey Decimal Classification     Filipiniana UM Digos College - LIC UM Digos College - LIC 10/11/1999     DFil 621.43 M29 1978 13485 05/15/2025 6 03/26/2024 Filipiniana